Fame Mma - QUIZ - Statystyki

Ogólne statystyki
  • Ten quiz został rozwiązany 598 razy
  • Średni wynik to 10 z 14
Statystyki odpowiedzi
Opis Odpowiedź % Poprawnych
Bocian Malczyński
94%
Wygrał sztabkę złota FAME Norman Parke
94%
Stworzył pas Króla Don Kasjo
93%
Bóg, Honor, Ojczyzna Muran
92%
Zdyskwalifikowany przez brutalne kopnięcie Ferrari
91%
Obecna mistrzyni pasa (15.07.2022) Linkiewicz
88%
Zwycięzca pierwszej walki w klatce rzymskiej Tańcula
87%
Złamał piszczel podczas walki Magical
79%
Prezes Rozpara
72%
Komu zwakowano pierwszy pas? Boxdel
71%
Zwycięzca pierwszej walki w boksie Polak
65%
Miasto, w której zorganizowano pierwszą galę Koszalin
53%
Najwięcej porażek przez KO/TKO Bonus
34%
Pierwsza osoba, która jest z innego kraju niż Polska Oleg
29%
Nie znaleziono quizów pasujących do podanych kryteriów
Rozkład punktacji
Procent ludzi z każdym wynikiem
Percentyl według liczby udzielonych odpowiedzi
Twoja historia wyników
Nie rozwiązałeś tego quizu